LEADER 00935nam a2200229 i 4500 001 000000074029 003 CaOOAMICUS 005 20260424122154.0 008 070403s1933 it u000 u ita u 040 $aSeMil$bita 100 1 $aZottoli, Angelandrea.$0(OLS)http://semarc/name/36728 245 13$aIl sistema di don Abbondio /$cAngelandrea Zottoli. 264 1$aBari :$bLaterza & Figli,$c1933. 300 $aXI, 140 p. ;$c21 cm. 490 1 $aBiblioteca di cultura moderna 650 4$aManzoni, Alessandro <1785-1873> . Promessi sposi.$0(OLS)http://semarc/subject/15533 830 0$aBiblioteca di cultura moderna.$0(OLS)http://semarc/title/639 850 $aSeMil 852 $aSeMil$W1$xVenegono$y1$m1O II 6$j270903$B40181$CSeMilBibl$Z2$F40185 $81 996 $6245$aIl sistema di don Abbondio$9(OLS)http://semarc/title/120110 996 $6264$aBari :$bLaterza & Figli$9(OLS)http://semarc/publisher/29663